00445nam a2200133Ia 4500008004100000082001800041100002100059245005200080260003000132300001100162942001200173999001900185952010700204210430s9999 xx 000 0 und d a621.89 N338 L aM.J.Neale952255 aLubrication and Reliability HandbookcM.J.Neale aIndiabButter Worthc2001 aC5.2p. cBK2ddc c562294d562294 001040708NFICaSCMEbSCMEcGENd0000-00-00l0o621.89 N338 LpSCME-1161r2021-04-30w2021-04-30yBK